000 00467cam a2200145 4500500
005 20260208010542.0
041 _afre
042 _adc
100 1 0 _aStanguennec, André
_eauthor
245 0 0 _aNécrologie
260 _c2005.
500 _a48
786 0 _nRevue philosophique de la France et de l'étranger | 130 | 1 | 2005-03-01 | p. 141-142 | 0035-3833
856 4 1 _uhttps://shs.cairn.info/revue-philosophique-2005-1-page-141?lang=fr&redirect-ssocas=7080
999 _c1657093
_d1657093